000 00500nam a2200181Ia 4500
005 20250508152849.0
008 008 250505s9999 xx 000 0 eng d
037 _aTextual
040 _aFEDL
_beng
_cFEDL
041 _aeng
_2eng
084 _a808.068, GUN
_qFEDL
100 _aGunning Robert
245 0 _aTechnique of clear writing
260 _aNew York, USA
_bMcGraw-Hill Book Company
_c1952
300 _a289p.
942 _cTEXL
_h808.068, GUN
999 _c1339264
_d1339264